Sahara et Laponie / (Record no. 154335)

MARC details
000 -LEADER
campo de control de longitud fija 01103nam a2200241 i 4500
001 - NÚMERO DE CONTROL
campo de control 154335
003 - IDENTIFICADOR DE NÚMERO DE CONTROL
campo de control ES-MaACL
005 - FECHA Y HORA DE LA ÚLTIMA TRANSACCIÓN
campo de control 20251014063218.0
008 - DATOS DE LONGITUD FIJA--INFORMACIÓN GENERAL
campo de control de longitud fija 040707s1873 fr af |||| | fre d
100 0# - ENTRADA PRINCIPAL--NOMBRE DE PERSONA
Nombre de persona Goblet d'Alviella, Eugene,
Títulos y otros términos asociados al nombre Comte de
9 (RLIN) 57491
245 10 - MENCIÓN DEL TÍTULO
Título Sahara et Laponie /
Mención de responsabilidad, etc. par le Comte Goblet d'Alviella.
260 ## - PUBLICACIÓN, DISTRIBUCIÓN, ETC.
Lugar de publicación, distribución, etc. Paris :
Nombre del editor, distribuidor, etc. Henri Plon 1873.
300 ## - DESCRIPCIÓN FÍSICA
Extensión 302, [36] p., [16] h. lám. :
Otras características físicas il. ;
Dimensiones 19 cm.
505 8# - NOTA DE CONTENIDO CON FORMATO
Nota de contenido con formato Contiene: Un mois au sud de l'Atlas ; Un voyage au Cap Nord
505 8# - NOTA DE CONTENIDO CON FORMATO
Nota de contenido con formato Contiene además los catálogos editoriales: Biblothèque des voyages extrait du catalogue général de la Librairie Henri Plon. Bibliothèque des Beaux-Arts extrait du catalogue général de la Librairie Henri Plon
599 ## - NOTA A LAS ILUSTRACIONES
NOTA A LAS ILUSTRACIONES Las h. de lám. lit.
599 ## - NOTA A LAS ILUSTRACIONES
NOTA A LAS ILUSTRACIONES Las il., a toda plana, corresponden a los catálogos de la Librairie Henri Plon.
651 #4 - PUNTO DE ACCESO ADICIONAL DE MATERIA--NOMBRE GEOGRÁFICO
Nombre geográfico Sahara-
Subdivisión general Descripción.
9 (RLIN) 137377
651 #4 - PUNTO DE ACCESO ADICIONAL DE MATERIA--NOMBRE GEOGRÁFICO
Nombre geográfico Laponia-
Subdivisión general Descripción.
9 (RLIN) 159924
651 #4 - PUNTO DE ACCESO ADICIONAL DE MATERIA--NOMBRE GEOGRÁFICO
Nombre geográfico Finlandia-
Subdivisión general Descripción.
9 (RLIN) 8665
852 ## - LOCALIZACIÓN
Ubicación ES-MaACL
Número de control de estantería D-879
Nota libre - Legado M. de la Fuente
Holdings
Estatus retirado Estado de pérdida Estado de daño No para préstamo Biblioteca de origen Biblioteca actual Ubicación en estantería Fecha de adquisición Fuente de adquisición Total de préstamos Signatura topográfica completa Código de barras Visto por última vez Precio de reemplazo Tipo de ítem Koha
        Biblioteca del Ateneo de Madrid Biblioteca del Ateneo de Madrid Sala Valle Inclán 17/01/2008     D-879 901161393 23/02/2023 23/02/2023 Libro impreso